El Agotamiento de la política, los parlamentos y las nuevas lógicas de los medios /
Guardado en:
| Hovedforfatter: | |
|---|---|
| Format: | Texto |
| Fag: | |
| Tags: |
Tilføj Tag
Ingen Tags, Vær først til at tagge denne postø!
|
MARC
| LEADER | 00000 a a2200000 04500 | ||
|---|---|---|---|
| 001 | 17203 | ||
| 003 | |||
| 040 | |||
| 100 | |a Urcuyo Fournier, Constantino | ||
| 245 | |a El Agotamiento de la política, los parlamentos y las nuevas lógicas de los medios / |c Constantino Urcuyo Fournier | ||
| 650 | |a TEORIA POLITICA | ||
| 650 | |a SISTEMAS POLITICOS | ||
| 650 | |a CRISIS POLITICA | ||
| 650 | |a MEDIOS DE COMUNICACION | ||
| 773 | |g volumen 9, número 2; páginas 305-342 | ||
| 999 | |c 28462 |d 28462 | ||
